<?xml version="1.0" encoding="UTF-8"?>
<record
    xmlns:xsi="http://www.w3.org/2001/XMLSchema-instance"
    xsi:schemaLocation="http://www.loc.gov/MARC21/slim http://www.loc.gov/standards/marcxml/schema/MARC21slim.xsd"
    xmlns="http://www.loc.gov/MARC21/slim">

  <leader>00764nam a2200169 i 4500</leader>
  <controlfield tag="001">189370</controlfield>
  <controlfield tag="003">ES-MaACL</controlfield>
  <controlfield tag="005">20250815111110.0</controlfield>
  <controlfield tag="008">190527s1876    sp           |||| | eng d</controlfield>
  <datafield tag="100" ind1="1" ind2=" ">
    <subfield code="a">Mac-Pherson, J. (</subfield>
    <subfield code="d">1839-1902)</subfield>
    <subfield code="9">75045</subfield>
  </datafield>
  <datafield tag="245" ind1="1" ind2="0">
    <subfield code="a">On the origin of the serpentine of the Ronda mountains / </subfield>
    <subfield code="c">by J. Macpherson.</subfield>
  </datafield>
  <datafield tag="260" ind1=" " ind2=" ">
    <subfield code="a">Madrid : </subfield>
    <subfield code="b">[s.n.], </subfield>
    <subfield code="c">1876 (</subfield>
    <subfield code="f">T. Fortanet)</subfield>
  </datafield>
  <datafield tag="300" ind1=" " ind2=" ">
    <subfield code="a">20 p., [2] h. de l&#xE1;m. ; </subfield>
    <subfield code="c">23 cm.</subfield>
  </datafield>
  <datafield tag="650" ind1=" " ind2="7">
    <subfield code="a">Geolog&#xED;a-</subfield>
    <subfield code="z">Ronda (Espa&#xF1;a, Sierra)</subfield>
    <subfield code="2"></subfield>
    <subfield code="9">167125</subfield>
  </datafield>
  <datafield tag="852" ind1=" " ind2=" ">
    <subfield code="a">ES-MaACL</subfield>
    <subfield code="j">B-8927(4) </subfield>
    <subfield code="z">.- Legado de Federico de Botella y de Hornos </subfield>
    <subfield code="z">.- Encuadernado en un vol. facticio agrupado con el nombre en el lomo: Espa&#xF1;a, geolog&#xED;a, memorias y documentos varios 41 al 56 </subfield>
    <subfield code="z">.- Ded. ms. del autor</subfield>
  </datafield>
  <datafield tag="999" ind1=" " ind2=" ">
    <subfield code="c">189370</subfield>
    <subfield code="d">189370</subfield>
  </datafield>
  <datafield tag="952" ind1=" " ind2=" ">
    <subfield code="0">0</subfield>
    <subfield code="1">0</subfield>
    <subfield code="4">0</subfield>
    <subfield code="7">0</subfield>
    <subfield code="8">LIBXIX</subfield>
    <subfield code="a">ATENEOM</subfield>
    <subfield code="b">ATENEOM</subfield>
    <subfield code="c">SPB</subfield>
    <subfield code="d">2019-05-27</subfield>
    <subfield code="e">DON</subfield>
    <subfield code="l">0</subfield>
    <subfield code="o">B-8927(4)</subfield>
    <subfield code="p">1200639</subfield>
    <subfield code="r">2023-02-23 00:00:00</subfield>
    <subfield code="w">2023-02-23</subfield>
    <subfield code="y">MONANT</subfield>
  </datafield>
</record>
